• 首页
  • 本馆介绍
  • 公告通知
  • 最新文献
  • 馆藏检索
  • 电子资源
  • 读者导购
  • 参考咨询
  • 我的图书馆
  • 登录
  • 详细信息显示
  • 放入我的书架
  • 预约/预借图书
  • 作者相关作品
  • 分类相关作品
  • 丛书相关作品
  • 出版社相关作品

书目信息

  • 表格格式
  • 工作单格式
  • 卡片格式
题名:
化工计算与软件应用
    
 
作者: 包宗宏 , 武文良 主编
分册:  
出版信息: 北京   化学工业出版社  2016.6
页数: 277页
开本: 26cm
丛书名:
单 册:
中图分类: TQ015.9
科图分类:
主题词: 化工计算--数值计算--应用软件--高等教育--教材 , 化工计算 , 数值计算 , 应用软件
电子资源:
ISBN: 978-7-122-16677-7
000 01080nam0 2200289 450
001 0400002364
005 20171020174202.0
010    @a978-7-122-16677-7@dCNY38.00
100    @a20140429d2016 em y0chiy50 ea
101 0  @achi
102    @aCN@b110000
105    @ay z 000yy
106    @ar
200 1  @a化工计算与软件应用@9hua gong ji suan yu ruan jian ying yong@f包宗宏,武文良主编
210    @a北京@c化学工业出版社@d2016.6
215    @a277页@d26cm
300    @a高等教育规划教材 卓越工程师教育培养计划系列教材
330    @a本书共分5章,第1章介绍化工物性数据、相平衡数据的查询、估算与数据处理方法;第2章介绍化工过程物料衡算与能量衡算方法;第3章介绍节能技术在化工分离过程中的应用;第4章介绍化工设备的工艺计算:第5章介绍工业装置流程模拟方法。
606 0  @a化工计算@x数值计算@x应用软件@x高等教育@j教材
606 0  @a化工计算
606 0  @a数值计算
606 0  @a应用软件
690    @aTQ015.9@v5
701  0 @a包宗宏@9bao zong hong@c(化工)@4主编
701  0 @a武文良@9wu wen liang@f(1963~)@4主编
801  0 @aCN@bNLC@c20171020
905    @b1032155-9@dTQ015.9@f5@e409
    
    化工计算与软件应用/包宗宏,武文良主编.-北京:化学工业出版社,2016.6
    277页;26cm
    高等教育规划教材 卓越工程师教育培养计划系列教材
    
    ISBN 978-7-122-16677-7:CNY38.00
    本书共分5章,第1章介绍化工物性数据、相平衡数据的查询、估算与数据处理方法;第2章介绍化工过程物料衡算与能量衡算方法;第3章介绍节能技术在化工分离过程中的应用;第4章介绍化工设备的工艺计算:第5章介绍工业装置流程模拟方法。
●
相关链接 在E读中查询图书 在五车中查询图书 在当当中查询图书 在豆瓣中查询图书


正题名:化工计算与软件应用     索取号:TQ015.9/409         预约/预借

序号 登录号 条形码 馆藏地/架位号 状态 备注
1 1032155   210321551   第二样本阅览室/ [索取号:TQ015.9/409] 在馆    
2 1032156   214234425   密集书库-化学系/ [索取号:TQ015.9/409] 在馆    
3 1032157   210321579   第三借阅区/ [索取号:TQ015.9/409] 在馆    
4 1032158   210321588   第三借阅区/ [索取号:TQ015.9/409] 在馆    
5 1032159   210321597   第三借阅区/ [索取号:TQ015.9/409] 在馆    
唐山师范学院图书馆 欢迎您!
大连网信软件有限公司© 版权所有